A comparative study of investment in rubber and oil palm in Peninsular Malaysia (Record no. 53296)

MARC details
000 -LEADER
fixed length control field 00394nam a2200145Ia 4500
100 ## - MAIN ENTRY--AUTHOR NAME
Personal name Ariffin Bin Mohd Nor
245 #2 - TITLE STATEMENT
Title A comparative study of investment in rubber and oil palm in Peninsular Malaysia
260 ## - PUBLICATION, DISTRIBUTION, ETC. (IMPRINT)
Name of publisher Planter
Year of publication 1978
300 ## - PHYSICAL DESCRIPTION
Number of Pages 757-773
650 ## - SUBJECT ADDED ENTRY--TOPICAL TERM
Topical Term Malaysia
650 ## - SUBJECT ADDED ENTRY--TOPICAL TERM
Topical Term Rubber
700 ## - ADDED ENTRY--PERSONAL NAME
Personal name Rashid Maamunor
942 ## - ADDED ENTRY ELEMENTS (KOHA)
Koha item type Journals
Holdings
Withdrawn status Lost status Damaged status Not for loan Home library Current library Shelving location Date acquired Serial Enumeration / chronology Koha item type
      Journals RRII Library RRII Library Rubber general 17/12/2021 Volume 54, Issue Journals